000 00969 a2200193 4500
020 _a0201489945
020 _a9780201489941
082 0 4 _a362.10973
090 _c1234
_d1234
100 1 _aHerzlinger, Regina.
245 1 0 _aMarket-driven health care :
_bwho wins, who loses in the transforation of america's largest service industry /
_cRegina Herzlinger.
260 _a[S.l.] :
_bBasic Books,
_c1997.
300 _a416 p. ;
_c24 cm.
500 _aHardcover.
520 _aA close-up look at the health-care industry, which represents one-seventh of the U.S. economy, explains the ins and outs of the dramatic changes that are occurring in modern health care while making predictions as to who will benefit from the revolution in medicine.
856 4 0 _3Amazon.com
_uhttp://www.amazon.com/exec/obidos/ASIN/0201489945/chopaconline-20
856 4 0 _3Amazon customer reviews
_uhttp://www.chopac.org/cgi-bin/tools/azrev.pl?q=0201489945
942 _aNBS
_cBK
_k362.1973 HER
999 _c343762
_d343762